Statistics for Rewrite The Stars - Zac Efron & Zendaya - All Lyrics

Click here to take the quiz!

General Stats

  • This quiz has been taken 169 times
  • The average score is 333 of 363

Answer Stats

Answer% Correct
I
100%
rewrite
100%
stars
100%
stars?
100%
the
100%
we
100%
you?
100%
You
100%
you,
100%
you
100%
a
99%
It
99%
it
99%
it's
99%
It’s
99%
to
99%
me
98%
be
97%
can
97%
No
97%
not
97%
When
97%
when
97%
do
96%
mine
96%
mine?
96%
say
96%
Say
96%
And
95%
and
95%
know
95%
So
95%
want
95%
What
95%
what
95%
don't
94%
keep
94%
us
94%
are
93%
could
93%
hide
93%
if
93%
meant
93%
secret
93%
up
93%
apart
92%
that
92%
try
92%
who
92%
But
91%
in
91%
Nothing
91%
of
91%
one
91%
our
91%
was
91%
we're
91%
were
91%
We’re
91%
why
91%
Why
91%
find
90%
I'm
90%
is
90%
Is
90%
you’re
89%
you're
89%
ours
88%
world
88%
All
87%
all
87%
tonight
87%
can't
86%
get
86%
sayin'
86%
go
85%
hands
85%
just
85%
out
85%
with
85%
How
84%
think
84%
you'll
84%
fly
83%
impossible
83%
impossible?
83%
tied
83%
easy?
82%
made
82%
my
82%
there
82%
fall
81%
possible
81%
give
79%
mountains
79%
see
79%
destiny?
78%
from
78%
run
78%
reach
77%
Everything
76%
heart
76%
keeps
76%
after
75%
walls
75%
gonna
74%
hopeless
74%
through
74%
wake
74%
here
73%
away
72%
have
72%
wonderin'
72%
cards
71%
these
71%
walk
71%
claim
70%
stop
70%
tells
70%
'Cause
69%
decide
69%
everyone
69%
You’d
69%
outside
66%
within
66%
pulling
65%
break
64%
miles
64%
able
63%
doors
63%
Because
62%
feels
61%
bound
58%
fate
58%
Maybe
57%
Changin'
40%

Score Distribution

Percentile by Number Answered

Percent of People with Each Score

Your Score History

You have not taken this quiz